000 00917cam a2200241 a 4500
001 j 59002439
003 DLC
005 20260227111518.0
008 060418s1950 ja 000 0 jpn
010 _aj 59002439
035 _a(CStRLIN)DCLP06-B4915
040 _aDLC
_cDLC
_dDLC-R
050 0 0 _aPL756.W54
_bK6
066 _c$1
245 0 0 _6880-01
_aKono hate ni kimi aru gotoku :
_bzenkoku mibōjin no tanka shuki /
_csenja Kubota Utsubo ... [et al.].
260 _6880-02
_aTōkyō :
_bChūō Kōronsha,
_cShōwa 25 [1950]
300 _a212 p. ;
_c19 cm.
650 0 _aWidows' writings, Japanese.
700 1 _6880-03
_aKubota, Utsubo,
_d1877-1967.
880 0 0 _6245-01/$1
_aこの 果て に 君 ある 如く :
_b全國 未亡人 の 短歌 手記 /
_c選者 窪田 空穗 ... [et al.]
880 _6260-02/$1
_a東京 :
_b中央 公論社,
_c昭和 25 [1950]
880 1 _6700-03/$1
_a窪田 空穗,
_d1877-1967.
999 _c34883
_d34883